| 000 | 00791nam a22002177a 4500 | ||
|---|---|---|---|
| 999 |
_c2198 _d2198 |
||
| 003 | AR-CdUCM | ||
| 008 | 190304b ||||| |||| 00| 0 spa d | ||
| 020 | _a9686642471 | ||
| 040 |
_aMUNICIPALIDAD PROVINCIAL DEL CUSCO _cBIBLIOTECA MUNICIPAL DEL CUSCO |
||
| 082 |
_a973.09 / _bP75 |
||
| 100 |
_aPollard, Robert A. _97930 |
||
| 245 | _aLa seguridad económica y los orígenes de la guerra fría 1945-1950 / | ||
| 260 |
_aMexico : _bGernika, _c1988. |
||
| 300 |
_a499 páginas ; _c20 cm. |
||
| 505 | _aLa economia politica de los estados unidos en la posguerra -- Planificación para la paz -- La guerra fría en la esfera sovietica... | ||
| 650 |
_aGuerra fría. _95243 |
||
| 650 |
_aAlemania. _91327 |
||
| 650 |
_aPlan marshall. _97931 |
||
| 942 |
_2ddc _cLIBROS |
||
| 945 |
_awfj _d2019-03-04 |
||